Licenční smlouva podle českého autorského zákona II.

Bibliographic Details
Main Author: Telec, Ivo, 1959- (Author)
Format: Article
Language:Slovak
Czech
ISSN:1210-1605
Subjects:

MARC

LEADER 00000nab a2200000 a 4500
001 vtls008836163
003 SK-MaSNL
005 20260304134158.0
008 250505c2001 xo qr|p|||||||000 b|slo
015 |a SNBRB2006/08 
035 |a (uuid)9cba93c7-e399-4cce-900d-3c5296cbfd43 
035 |a urn:nbn:sk:snk-abc0mi 
035 |a (urnnbn)urn:nbn:sk:snk:ar-000mfg 
038 |a SNKBUCL 
040 |a SNKBUCL  |b slo  |c SNKBUCL  |e AACR2 
041 0 |a cze 
044 |a xo  |c SK 
080 |a 347.77.043  |2 1997 
080 |a 347.78  |x (437.3)  |2 1997 
100 1 |a Telec, Ivo,  |d 1959-  |4 aut  |9 93513 
245 1 0 |a Licenční smlouva podle českého autorského zákona  |n II.  |c Ivo Telec 
504 |a Bibliogr. odkazy 
650 0 7 |a licenčné zmluvy  |2 snkbucl  |9 70877 
650 0 7 |a licencie  |2 snkbucl  |9 2661 
650 0 7 |a autorské právo  |2 snkbucl  |9 2215 
650 0 7 |a zákony  |2 snkbucl  |9 1156 
651 7 |a Česko  |2 snkbucl  |9 16753 
655 7 |a štúdie  |2 snkbucl  |9 57033 
773 0 |t Duševné vlastníctvo  |g Roč. 5, č. 4 (2001), s. 13-18  |x 1210-1605 
850 |a Slovenská národná knižnica 
852 |a Slovenská národná knižnica 
954 |a odborná, vedecká literatúra cudzojazyčná (svetová)  |2 lita 
958 |a article15 
958 |a OND 
958 |a SK 
958 |a NB 
958 |a CZ 
958 |a EUIPO 
999 |c 2905621  |d 2907551